000 00623nam a22001937a 4500
999 _c61634
_d61634
005 20240403154748.0
008 240403s2006 enk||||| |||| 00| 0 eng d
020 _a9780198566090x
041 _aeng
080 _a617-089.5 O-97
245 _aOxford Handbook of Anaesthesia /
_cEditor Keith Allman, Iain Wilson.
264 _aOxford,
_c2006.
300 _a1203 p. ;
_b19 cm.
653 _aანესტეზია
653 _aმედიცინა
700 _aAllman, Keith
_eრედაქტორი
_921692
700 _aWilson, Iain
_eრედაქტორი
_921693
942 _2udc
_cᲬᲘᲒᲜᲘ